| 000 | 01015nam a2200229 a 4500 | ||
|---|---|---|---|
| 001 | 000027684 | ||
| 005 | 20200930031020.0 | ||
| 008 | 110404s2007 dr acd r 000 0 spa d | ||
| 040 |
_aDO-SdBNP _bspa _cBNPHU |
||
| 082 |
_a363.1063 _bR426e |
||
| 110 | 1 |
_aRepública Dominicana. _bAyuntamiento del Distrito Nacional _99535 |
|
| 245 | 1 | 0 |
_aEncuesta del gobierno de la seguridad :(1ª 2007) : _bZona Colonial / _cpresentación Roberto Salcedo. |
| 260 |
_aSanto Domingo : _bADN, _c2007. |
||
| 300 |
_a67 p. : _bil., gráf., retrs. ; _c22 cm. |
||
| 500 | _aIncluye referencias bibliográficas y notas al pie de las páginas. | ||
| 590 | _aInventariado, 2018/BT | ||
| 650 | 4 |
_aSeguridad ciudadana _zSanto Domingo (República Dominicana{Rpara} _xEncuestas _96507 |
|
| 650 | 4 |
_aAdministración municipal _zSanto Domingo (República Dominicana{Rpara} _xMedidas de seguridad _96508 |
|
| 700 | 1 |
_aSalcedo Gavilán, Roberto, _epresent. _96509 |
|
| 710 | 2 |
_aObservatorio ciudadano _96510 |
|
| 910 | _aValidado. Control de calidad. EMS | ||
| 999 |
_c27176 _d27176 |
||